00233nam a2200085 4500245006100000100001800061260002800079300002200107082001800129 aAurtralia's music :themes of a new societycRoger Covell aCovell, Roger aMelbourneb[s.n.]c1976 axii,356p.; 20cm. aR780.994bCOU